Culture Générale - Série 87 - Statistiques

Statistiques générales
  • Ce quiz a été pris 539 fois
  • Le résultat moyen est 5 sur 10
Statistiques - réponses
Question Réponse % Correct
Quel sport appelle-t-on "soccer" aux Etats-Unis ? Football
95%
Quel film d'animation a pour héros Woody le cow-boy et Buzz l'éclair ? Toy Story
86%
De quelle éducation parle Flaubert dans le titre d'un de ses romans ? Sentimentale
68%
Quel titre de noblesse est associé à Pierre de Coubertin ? Baron
63%
Combien y a-t-il de cloches dans le titre d'une chanson d'Edith Piaf ? 3
62%
Pour quel art Maurice de Vlaminck est-il resté le plus célèbre ? Peinture
62%
De quelle ville est originaire le groupe Zebda ? Toulouse
50%
Dans quel film Lion Ventura est-il tueur à gages ? L'emmerdeur
17%
Quel chanteur populaire interprète "le Cinéma d'Audiard" ? Michel Sardou
14%
Quel film de Luc Besson a pour titre le nom d'une navette spatiale ? Atlantis
5%
Aucun quiz correspondant
Distribution des résultats
% des personnes avec chaque résultat
Percentile par nombre de réponses
Votre historique - résultats
Vous n’avez pas pris ce quiz